Topografía general y aplicada /
Guardado en:
| Autor Principal: | |
|---|---|
| Formato: | Libro |
| Idioma: | Spanish |
| Publicado: |
Madrid :
Ediciones Mundi-Prensa,
1997.
|
| Edición: | 13a. ed. |
| Materias: | |
| Etiquetas: |
Agregar Etiqueta
Sin Etiquetas, Sea el primero en etiquetar este registro!
|
| LEADER | 00561nam a22001815a 4500 | ||
|---|---|---|---|
| 001 | EUN.um069525 | ||
| 003 | AR-BaUNS | ||
| 005 | 20050623122932.0 | ||
| 008 | 041125s1997####sp#a##########000#0#spa#d | ||
| 245 | 1 | 0 | |a Topografía general y aplicada / |c Francisco Domínguez García-Tejero. |
| 260 | |a Madrid : |b Ediciones Mundi-Prensa, |c 1997. | ||
| 300 | |a 811 p. : |b il. ; |c 24 cm. | ||
| 020 | |a 8471147211 | ||
| 100 | 1 | |a Domínguez García-Tejero, Francisco. | |
| 082 | 0 | 4 | |a 526.98 |
| 250 | |a 13a. ed. | ||
| 653 | |a Topografia | ||
| 859 | |a Ar-BaUNS |b Dto. Ingenieria |h 526.98 |i D65 |p 113415/002 | ||
